000 00989nam a2200265Ia 4500
003 OSt
005 20221007100651.0
006 a|||||r|||| 00| 0
007 ta
008 221006b |||||||| |||| 00| 0 eng d
024 _a4,873
037 _cTextual
040 _aLCO
_cLCO
_beng
041 _2eng
_aeng
082 _aX9V:95, M3
100 _aBhatnagar A.S.
_999477
245 0 _aGuide to Departmental Promotions, Enquiries, Punishments & Appeals Foreword by S.D. Singh
250 _a4th
260 _aAllahabad
_bOrient Law House India
_c1983
300 _a544
500 _aBeing up-to-date, Lucid and Exhaustive Commentaries on The Central Civil Services Classification, Control and Appeal Rules, 1965 and Allied Service Matters with the Departmental Inquires (Enforcement of Attendance of Witnesses and Production of Documents) Act, 1972
650 _aPROMOTIONS
_9701953
942 _hX9V:95, M3
_cTEXL
999 _c1174436
_d1174436